000 00721nam a22001937a 4500
003 OSt
005 20251028043546.0
008 251028b |||||||| |||| 00| 0 eng d
020 _a978-1-4129-9648-8
040 _aDWC-Main Lib.
_cOC
082 _aCirc. 428.0071 G822d 2012
100 _aGREGORY, GAYLE H.
245 _aDifferential literacy strategies for English language learners, K-6/
_cGAYLE H. GREGORY,
260 _aCalifornia, USA :
_bCorwin,
_cc2012.
300 _ax, 221 pages :
_bb & w illustrations ;
_c25 cm.
650 _a1. English language--Study and teaching (Elementary) --Foreign speakers.
650 _a2. Individualized instruction. I. Burkman, Amy.
942 _2ddc
_cBK-CIRC
_hCirc.
_n0
999 _c5223
_d5223